Geboren in Emden - Statistiken

Allgemein
  • Dieses Quiz wurde 46 mal gespielt
  • Das Durchschnittsergebnis liegt bei 3 aus 5
Antwortstatistiken
Hinweis Antwort % Korrekt
Einer der bekanntesten deutschen Komiker 1948 Otto Waalkes
98%
Komiker und Fernsehmoderator, er war gut erkennbar an seinem hängenden Augenlid 1941 Karl Dall
70%
Regisseur, "Das Boot" "Die unendliche Geschichte" "Troja" "Air Force One" 1941 Wolfgang Petersen
43%
früherer Nachrichtensprecherin der Tagesschau und heutige verschwörungstheoretische und rechtspopulistische Publizistin 1958 Eva Herman
30%
Gründer und langjähriger Herausgeber des "Stern", diente im Zweiten Weltkrieg in einer Propagandakompanie names "Südstern" 1913 Henri Nannen
27%
Keine übereinstimmenden Quizze gefunden
Verteilung der Resultate
Anzahl Personen mit jedem Resultat
Perzentil nach korrekt beantworteten Fragen
Ihre Resultats-Entwicklung
Sie haben dieses Quiz noch nicht gespielt